Statistics for Municipality Quiz - Chongqing

Click here to take the quiz!

General Stats

  • This quiz has been taken 15 times
  • The average score is 6 of 14

Answer Stats

QuestionAnswer% Correct
Which province was Chongqing formerly part of?Sichuan
89%
This Communist leader signed a short-lived peace agreement with the KMT hereMao Zedong
78%
Whose WWII wartime capital did Chongqing serve as?Republic of China
78%
This country maintained a consulate here until 2020United States
56%
Chongqing is China's newest municipality. When was it formed?1997
44%
Which controversial "New Left" politician was arrested in 2013 for corruption?Bo Xilai
44%
Ancient state formed in what is now ChongqingBa
33%
What is the name of the World Heritage-listed religious rock carvings?Dazu
33%
This leader's radical economic reforms were first trialed hereDeng Xiaoping
33%
World-Heritage listed mountain that translates to "Golden Buddha"Jinfo
33%
Ancient fortress complex known as the "City of Poems"Baidicheng
22%
Two out of three members of this Chinese boy band were born hereTFBoys
22%
Karst cave in the Wulong Karst landscapeFurong
0%
American army general whose residence is preserved hereJoseph Stilwell
0%

Score Distribution

Percentile by Number Answered

Percent of People with Each Score

Your Score History

You have not taken this quiz